<?xml version="1.0" encoding="UTF-8"?><?xml-stylesheet type="text/xsl" href="static/style.xsl"?><OAI-PMH xmlns="http://www.openarchives.org/OAI/2.0/" xmlns:xsi="http://www.w3.org/2001/XMLSchema-instance" xsi:schemaLocation="http://www.openarchives.org/OAI/2.0/ http://www.openarchives.org/OAI/2.0/OAI-PMH.xsd"><responseDate>2026-06-30T21:52:07Z</responseDate><request verb="GetRecord" identifier="oai:repisalud.isciii.es:20.500.12105/13848" metadataPrefix="marc">https://repisalud.isciii.es/rest/oai/request</request><GetRecord><record><header><identifier>oai:repisalud.isciii.es:20.500.12105/13848</identifier><datestamp>2025-06-19T06:42:40Z</datestamp><setSpec>com_20.500.12105_2052</setSpec><setSpec>com_20.500.12105_2051</setSpec><setSpec>com_20.500.12105_15322</setSpec><setSpec>col_20.500.12105_19608</setSpec><setSpec>col_20.500.12105_19613</setSpec><setSpec>col_20.500.12105_16983</setSpec><setSpec>col_20.500.12105_16972</setSpec></header><metadata><record xmlns="http://www.loc.gov/MARC21/slim" xmlns:dcterms="http://purl.org/dc/terms/" xmlns:doc="http://www.lyncode.com/xoai" xmlns:xsi="http://www.w3.org/2001/XMLSchema-instance" xsi:schemaLocation="http://www.loc.gov/MARC21/slim http://www.loc.gov/standards/marcxml/schema/MARC21slim.xsd">
   <leader>00925njm 22002777a 4500</leader>
   <datafield ind2=" " ind1=" " tag="042">
      <subfield code="a">dc</subfield>
   </datafield>
   <datafield ind2=" " ind1=" " tag="720">
      <subfield code="a">Chahua Huarachi, Marcela</subfield>
      <subfield code="e">author</subfield>
   </datafield>
   <datafield ind2=" " ind1=" " tag="720">
      <subfield code="a">Sordo, Luis</subfield>
      <subfield code="e">author</subfield>
   </datafield>
   <datafield ind2=" " ind1=" " tag="720">
      <subfield code="a">Molist, Gemma</subfield>
      <subfield code="e">author</subfield>
   </datafield>
   <datafield ind2=" " ind1=" " tag="720">
      <subfield code="a">Domingo-Salvany, Antonia</subfield>
      <subfield code="e">author</subfield>
   </datafield>
   <datafield ind2=" " ind1=" " tag="720">
      <subfield code="a">Brugal, María Teresa</subfield>
      <subfield code="e">author</subfield>
   </datafield>
   <datafield ind2=" " ind1=" " tag="720">
      <subfield code="a">Fuente, Luis de la</subfield>
      <subfield code="e">author</subfield>
   </datafield>
   <datafield ind2=" " ind1=" " tag="720">
      <subfield code="a">Bravo, Maria Jose</subfield>
      <subfield code="e">author</subfield>
   </datafield>
   <datafield ind2=" " ind1=" " tag="720">
      <subfield code="a">Grupo ITINERE</subfield>
      <subfield code="e">author</subfield>
   </datafield>
   <datafield ind2=" " ind1=" " tag="260">
      <subfield code="c">2014-04</subfield>
   </datafield>
   <datafield ind2=" " ind1=" " tag="520">
      <subfield code="a">[ES] Objetivo: Identificar el perfil, la prevalencia de depresión y factores asociados en usuarios regulares de cocaína captados en la comunidad. Método: Estudio transversal de 630 usuarios regulares de cocaína que no consumían heroína. La depresión, el apoyo social y la dependencia se evaluaron con los instrumentos Composite International Diagnostic Interview, Duke-Functional Social Support Questionnaire y Severity Dependence Scale, respectivamente. Resultados: La edad media fue de 23 años y un 33% eran mujeres. El perfil predominante de consumo de cocaína fue recreativo-intenso. Un 88% había terminado sus estudios secundarios. El 45,9% había recibido atención en urgencias el pasado año y un 7,8% tratamiento de la dependencia/psiquiátrico. El 14,6% tuvo depresión. Los factores relacionados con padecerla identificados en al análisis multivariado fueron el sexo femenino, no tener hogar, consumir ketamina y menor apoyo confidencial. Conclusiones: Los consumidores regulares de cocaína podrían necesitar atención específica en servicios sanitarios generales. Es necesario facilitar su acceso al tratamiento de la depresión. [EN] Objetive: To identify the profile of community-recruited regular cocaine users and the prevalence of recent depression and associated factors. Method: A cross-sectional study was carried out in 630 regular cocaine users who were not heroin consumers. Depression, social support and dependence were evaluated with the Composite International Diagnostic Interview, the Duke-Functional Social Support Questionnaire, and the Severity of Dependence Scale, respectively. Results: The mean age was 23 years and 33% of users were women. The predominant profile of cocaine use was recreational-intense. Most (88%) participants had completed secondary education. The use of emergency services in the previous year was 45.9% and 7.8% were under drug-dependence/psychiatric treatment. The prevalence of depression was 14.6%. In the multivariate analysis, the factors associated with recent depression were female gender, homelessness, ketamine consumption, and less confidential support. Conclusions: Regular cocaine users may require specific attention in general health services. Greater access to treatment for depression is needed among this group.</subfield>
   </datafield>
   <datafield ind1="8" ind2=" " tag="024">
      <subfield code="a">Gac Sanit. Mar-Apr 2014;28(2):155-9.</subfield>
   </datafield>
   <datafield ind1="8" ind2=" " tag="024">
      <subfield code="a">10.1016/j.gaceta.2013.09.001</subfield>
   </datafield>
   <datafield ind1="8" ind2=" " tag="024">
      <subfield code="a">1578-1283</subfield>
   </datafield>
   <datafield ind1="8" ind2=" " tag="024">
      <subfield code="a">Gaceta Sanitaria</subfield>
   </datafield>
   <datafield ind1="8" ind2=" " tag="024">
      <subfield code="a">24309521</subfield>
   </datafield>
   <datafield ind1="8" ind2=" " tag="024">
      <subfield code="a">http://hdl.handle.net/20.500.12105/13848</subfield>
   </datafield>
   <datafield tag="653" ind2=" " ind1=" ">
      <subfield code="a">Consumidor de cocaína</subfield>
   </datafield>
   <datafield tag="653" ind2=" " ind1=" ">
      <subfield code="a">Depresión</subfield>
   </datafield>
   <datafield tag="653" ind2=" " ind1=" ">
      <subfield code="a">Epidemiología</subfield>
   </datafield>
   <datafield tag="653" ind2=" " ind1=" ">
      <subfield code="a">España</subfield>
   </datafield>
   <datafield tag="653" ind2=" " ind1=" ">
      <subfield code="a">Cocaine users</subfield>
   </datafield>
   <datafield tag="653" ind2=" " ind1=" ">
      <subfield code="a">Depression</subfield>
   </datafield>
   <datafield tag="653" ind2=" " ind1=" ">
      <subfield code="a">Epidemiology</subfield>
   </datafield>
   <datafield tag="653" ind2=" " ind1=" ">
      <subfield code="a">Spain</subfield>
   </datafield>
   <datafield ind2="0" ind1="0" tag="245">
      <subfield code="a">Depresión en jóvenes usuarios regulares de cocaína reclutados en la comunidad</subfield>
   </datafield>
</record></metadata></record></GetRecord></OAI-PMH>